Statystyki dla Ptaki

Kliknij tutaj aby rozwiązać quiz!

Ogólne statystyki

  • Ten quiz został rozwiązany 572 razy
  • Średni wynik to 23 z 54

Statystyki odpowiedzi

Pierwsza literaPtak% Poprawnych
BBocian
86%
WWróbel
79%
KKura
75%
KKaczka
73%
OOrzeł
72%
KKruk
69%
GGołąb
68%
DDzięcioł
67%
CCzapla
66%
GGil
66%
JJastrząb
65%
JJaskółka
61%
GGęś
60%
PPapuga
55%
ŻŻuraw
55%
IIndyk
54%
SSroka
54%
SSowa
53%
BBażant
51%
ŁŁabędź
51%
MMewa
50%
SStruś
47%
FFlaming
46%
SSokół
46%
SSikora
45%
GGawron
44%
SSójka
43%
KKukułka
42%
KKawka
39%
KKos
39%
PPelikan
38%
ZZimorodek
38%
SSzpak
37%
AAlbatros
36%
SSęp
36%
KKoliber
35%
SSkowronek
35%
PPaw
34%
DDrozd
32%
PPingwin
32%
MMyszołów
29%
ZZięba
29%
KKuropatwa
28%
KKanarek
22%
PPrzepiórka
22%
WWilga
22%
CCietrzew
18%
CCzyżyk
18%
JJerzyk
13%
KKondor
13%
SSzczygieł
12%
KKowalik
8%
MMysikrólik
8%
DDukan
2%

Rozkład punktacji

Percentyl według liczby udzielonych odpowiedzi

Procent ludzi z każdym wynikiem

Twoja historia wyników

Nie rozwiązałeś tego quizu